Statistiques concernant Tous les champions d'arènes de Kalos

Cliquez ici pour prendre le quiz!

Statistiques générales

  • Ce quiz a été pris 14 fois
  • Le résultat moyen est 7 sur 8

Statistiques - réponses

Nom % Correct
Lino
100%
Lem
100%
Violette
92%
Amaro
92%
Cornelia
85%
Astera
85%
Urup
85%
Valeriane
77%

Distribution des résultats

Percentile par nombre de réponses

% des personnes avec chaque résultat

Votre développement - résultats

Vous n’avez pas pris ce quiz